Potential Gains From Mergers: Decomposition of the Cost-based Harmony Effect

Na minha lista:
Detalhes bibliográficos
Autor principal: Kališ, Richard, 1991-
Outros Autores: Luptáčik, Mikuláš
Formato: Capítulo de Livro
Idioma:inglês
Tags: Adicionar Tag
Sem tags, seja o primeiro a adicionar uma tag!

MARC

LEADER 00000naa$a2200000$$$4500
001 0290621
005 20240502083940.5
041 0 |a eng 
044 |a PT 
245 1 0 |a Potential Gains From Mergers: Decomposition of the Cost-based Harmony Effect  |c Richard Kališ, Mikuláš Luptáčik 
100 1 |a Kališ, Richard, 1991- 
700 1 |a Luptáčik, Mikuláš